From Asian to global financial crisis : an Asian regulator's view of unfettered finance in the 1990s and 2000s.
| Main Author: | |
|---|---|
| Format: | Book |
| Published: |
New York:
Cambridge University Press,
2009.
|
| Subjects: |
| LEADER | 00559cam a2200169 7i4500 | ||
|---|---|---|---|
| 001 | 0000025231 | ||
| 005 | 20101203090000.0 | ||
| 020 | 0 | 0 | |a 978-0-521-13415-6 |
| 090 | 0 | 0 | |a B 330.950429 |b SHE |
| 100 | 1 | 0 | |a Sheng |
| 245 | 1 | 0 | |a From Asian to global financial crisis : |b an Asian regulator's view of unfettered finance in the 1990s and 2000s. |
| 260 | 0 | 0 | |a New York: |b Cambridge University Press, |c 2009. |
| 300 | # | # | |a 489 p. |
| 650 | 0 | 0 | |a Finance -- |z Asian |
| 650 | 0 | 0 | |a Financial crises -- |z Asia |
| 651 | 0 | 0 | |a Asia |
| 999 | |a B000027962 |b Book |c Book |e Business Information Centre | ||


